MARC

Tag First Indicator Second Indicator Subfields
LEADER 00000cam a2200000 a 4500
001 in00000020151
005 20151007053832.0
008 811216s1981 nyu b 00110 eng
010 |a  81184527  
035 |a (OCoLC)08115290 
035 |9 AAB2987AM 
040 |a DLC  |c DLC  |d m/c  |d TXA  |d UtOrBLW 
049 |a TXAM  |c [A11468145] 
050 0 0 |a Z2504.D7  |b L38  |a PG3245 
082 0 |a 016.89172/44  |2 19 
100 1 |a Law, Alma H. 
245 1 0 |a Soviet plays in translation :  |b an annotated bibliography /  |c compiled and edited by Alma H. Law and C. Peter Goslett ; prepared under the auspices of the Institute for Contemporary East European Drama and Theatre of the Center for Advanced Study in Theatre Arts (CASTA). 
264 1 |a [New York] :  |b CASTA, the Graduate School and University Center of the City University of New York,  |c [1981] 
264 4 |c ©1981 
300 |a 100 pages ;  |c 28 cm. 
336 |a text  |b txt  |2 rdacontent 
337 |a unmediated  |b n  |2 rdamedia 
338 |a volume  |b nc  |2 rdacarrier 
500 |a Includes index. 
650 0 |a Russian drama  |y 20th century  |x Translations into English  |x Bibliography. 
650 0 |a English drama  |x Translations from Russian  |x Bibliography. 
700 1 |a Goslett, C. Peter. 
710 2 |a Center for Advanced Study in Theatre Arts.  |b Institute for Contemporary East European Drama and Theatre. 
999 |a MARS 
999 f f |s 7be5c44d-2dfa-3bcf-b767-660761bc7fbc  |i dee3af0f-e891-3232-b1eb-68982bf5a68e  |t 0 
952 f f |p ric  |a Texas A&M University  |b Rellis Campus  |c Joint Library Facility  |d Remote Storage  |t 0  |e Z2504 .D7 L38  |h Library of Congress classification  |i unmediated -- volume  |m A14811468145 
998 f f |a Z2504 .D7 L38  |t 0  |l Remote Storage